000 00368nam a2200145Ia 4500
008 221030s9999 xx 000 0 und d
020 _a8125907817
041 _aEnglish
100 _aB. Ghosh
245 0 _aHuman Resource Development & Management
_cby B. Ghosh
260 _bVikas Pub House
_aNew Delhi
_c2015
300 _a360
650 _aManagement
942 _cBK
999 _c17188
_d17188